| 000 | 00579nam a2200193Ia 4500 | ||
|---|---|---|---|
| 001 | 46706 | ||
| 005 | 20250204122453.0 | ||
| 008 | 140429s9999 xx 000 0 und d | ||
| 020 | _aNA | ||
| 040 | _cPK-LaUMT | ||
| 082 |
_aRHC 891.4393 _bJAB-P |
||
| 100 |
_aJabran Khalil Jabran = جبران خلیل جبران _94447 |
||
| 245 |
_aParchaain = پرچھائیں / _cby Jabran Khalil Jabran = جبران خلیل جبران |
||
| 260 |
_aLahore,Pakistan: _bAewan-e-Adab, _c1963 |
||
| 300 | _a95 p. | ||
| 546 | _aUR | ||
| 650 |
_aPakistani literature-Urdu _94315 |
||
| 942 | _cBK | ||
| 999 |
_c44655 _d44655 |
||